Name the Parliament - Statistics

General Stats
  • This quiz has been taken 8 times
  • The average score is 5 of 8
Answer Stats
Country Parliament % Correct
Germany Bundestag
86%
Russia Gosudarstvennaya Duma
86%
Israel Knesset
86%
Japan Kokkai
86%
India Sansad
57%
Afghanistan Mili Shura
29%
Poland Sejm
29%
China Quánguó Rénmín Dàibiǎo Dàhuì
0%
No matching quizzes found
Score Distribution
Percent of People with Each Score
Percentile by Number Answered
Your Score History
You have not taken this quiz